Word Ladder: Outside School Task Quiz Stats

 Plays Quiz Updated Jun 25, 2019

Score 0/15 Timer 01:30
1 Play Today
Clue 4-Letter Word % Correct
Green citrus fruitLIME
97.2%
To sleep outside in a tentCAMP
97%
Walk with some difficultyLIMP
96.2%
Source of lighting LAMP
94.6%
Money for a cabFARE
94.4%
The place where college students live DORM
93.7%
Warning shouted by golfers FORE
93.5%
____ duckLAME
92.8%
Clue 4-Letter Word % Correct
State of being well-knownFAME
92.7%
Document to be filled outFORM
92.6%
Plate that a catcher squats behind•HOME•
88.9%
Awkward personDORK
87.8%
______ and go COME
85.7%
Give a free ticket toCOMP
85%
Energy minus heat, in science•WORK•
54%

Today's Daily Dose

Missing Word
Video Games (A-Z)

Get the Picture
Tom Hanks

You're not logged in!

Compare scores with friends on all Sporcle quizzes.
OR
Log In

Sporcle TV

Today on Sporcle TV


Watch our educational content, quiz creation guides, and fun videos on Sporcle TV.

Show Comments

Extras

Top Quizzes Today


Score Distribution

Your Account Isn't Verified!

In order to create a playlist on Sporcle, you need to verify the email address you used during registration. Go to your Sporcle Settings to finish the process.

Report this User

Report this user for behavior that violates our Community Guidelines.

Details: